000 00547nam a2200193 a 4500
001 23289
003 CO-ViMGA
008 141112s2004 ck r 000 u spa d
020 _a9582303893
040 _aCO-ViMGA
_bspa
_cCO-ViMGA
082 0 4 _a940.27 B374e
100 1 _aBergeron, Louis
_933550
245 1 0 _aLa Época de las revoluciones europeas 1780 - 1848
260 _aMéxico :
_bSiglo veintiuno
300 _a542p.
490 _aHistoria Universal siglo XXI; v. 26
650 1 4 _aEUROPA - HISTORIA - 1789 - 1900
_933551
942 _2ddc
_cBK
999 _c31513
_d31513